[Event "15sen.Woerishofen op_05.03.-14.03.99"]
[Site "?"]
[Date "1999.??.??"]
[Round "9"]
[White "Hoffmann, Erich[36WAK]"]
[Black "Olberg, Gerhard"]
[Result "1/2-1/2"]
[WhiteElo "1800"]
[BlackElo "1750"]
[PlyCount "33"]
[EventDate "1999.??.??"]

1. e4 c5 2. Nc3 Nc6 3. f4 g6 4. Nf3 d6 5. Bb5 Bd7 6. Bxc6 Bxc6 7. d3 e6 8. O-O
Be7 9. Kh1 Nf6 10. Ne2 O-O 11. Ng3 d5 12. Rb1 dxe4 13. Nxe4 Bxe4 14. dxe4 Qxd1
15. Rxd1 Rfd8 16. Be3 b6 17. c3 1/2-1/2

[Event "15sen.Woerishofen op_05.03.-14.03.99"]
[Site "?"]
[Date "1999.??.??"]
[Round "9"]
[White "Gensbaur, Viktor"]
[Black "Meinhardt, Guenter"]
[Result "1-0"]
[WhiteElo "1785"]
[BlackElo "1695"]
[PlyCount "69"]
[EventDate "1999.??.??"]

1. e4 c5 2. Nf3 d6 3. Bd3 Nc6 4. c3 g6 5. Bc2 Bg7 6. O-O Bg4 7. h3 Bxf3 8. Qxf3
e6 9. d3 Nge7 10. Nd2 O-O 11. Nc4 d5 12. Nd2 Rc8 13. exd5 exd5 14. Re1 Re8 15.
Nf1 Nf5 16. Qd1 Ne5 17. d4 Nf3+ 18. gxf3 Nh4 19. Rxe8+ Qxe8 20. Bg5 Nf5 21.
dxc5 Qd7 22. Ba4 Qc7 23. Qxd5 h6 24. Be3 Qe7 25. Qd7 Qf8 26. Rd1 Nh4 27. Nh2
Be5 28. f4 Bb8 29. Qg4 Nf5 30Bxf3 Be7 8. O-O
O-O 9. Nd2 a5 10. a4 Na6 11. Bg2 Rc8 12. e4 Nb4 13. e5 Nd7 14. f4 f5 15. Nf3 c5
16. Qe2 Qc7 17. c3 Na6 18. Ba3 Rfe8 19. c4 d4 20. h3 Kh8 21. g4 g6 22. g5 Ndb8
23. h4 Nc6 24. Kf2 Nab4 25. Bxb4 Nxb4 26. h5 Kg7 27. Rh1 Rh8 28. Rh3 h6 29.
Rah1 hxg5 30. fxg5 Rxh5 31. Rxh5 gxh5 32. Nxd4 cxd4 33. Qxh5 Rg8 34. Qh7+ Kf8
35. g6 Bd8 36. Bxb7 Nxd3+ 37. Kf1 Nxe5 38. Bc8 Qxc8 39. Qh6+ Ke8 40. g7 Qd7 41.
Qh2 Qxg7 0-1

[Event "15sen.Woerishofen op_05.03.-14.03.99"]
[Site "?"]
[Date "1999.??.??"]
[Round "6"]
[White "Weigel, Herbert"]
[Black "Ziltener, Werner"]
[Result "1/2-1/2"]
[WhiteElo "2070"]
[BlackElo "1965"]
[PlyCount "123"]
[EventDate "1999.??.??"]

1. e4 e5 2. Nf3 Nc6 3. Bb5 Nf6 4. d3 Bc5 5. O-O Qe7 6. c3 a6 7. Ba4 b5 8. Bb3
d6 9. d4 Bb6 10. Bd5 Bb7 11. a4 O-O 12. Bg5 Rab8 13. Na3 Na7 14. Bxb7 Rxb7 15.
Nc2 c6 16. Re1 a5 17. Ne3 Qe6 18. axb5 Nxb5 19. Bxf6 Qxf6 20. dxe5 dxe5 21. Ng4
Qe6 22. Ngxe5 Rd8 23. Qe2 Ra7 24. Nc4 Bc7 25. Red1 Rxd1+ 26. Rxd1 Ra8 27. h3 h6
28. e5 Re8 29. Re1 Qd5 30. Qe4 Qe6 31. Kf1 Rd8 32. g4 Qd5 33. Qxd5 cxd5 34. Ne3
d4 35. cxd4 Nxd4 36. Nxd4 Rxd4 37. Nf5 Rd2 38. Re2 Rxe2 39. Kxe2 Bxe5 40. b3
Kf8 41. Kd3 Ke8 42. Kc4 Kd7 43. Kb5 Bc3 44. Ne3 Ke6 45. Nc4 Kd5 46. Nxa5 Ke4
47. Nc6 Be1 48. Kc4 Bxf2 49. b4 f5 50. gxf5 Kxf5 51. b5 Ke4 52. Nd8 Be3 53. Ne6
g5 54. Nc5+ Kf5 55. b6 h5 56. b7 Bf4 57. Kd5 g4 58. hxg4+ hxg4 59. Ne4 Bb8 60.
Kd4 Kf4 61. Nf6 g3 62. Nh5+ 1/2-1/2

[Event "15sen.Woerishofen op_05.03.-14.03.99"]
[Site "?"]
[Date "1999.??.??"]
[Round "7"]
[White "Schmitzer, Horst"]
[Black "Weigel, Herbert"]
[Result "0-1"]
[WhiteElo "2075"]
[BlackElo "2070"]
[PlyCount "90"]
[EventDate "1999.??.??"]

1. Nf3 Nf6 2. d4 g6 3. Bf4 Bg7 4. e3 O-O 5. Be2 d6 6. h3 Nc6 7. c4 Ne4 8. Nbd2
Nxd2 9. Qxd2 e5 10. Bg5 f6 11. Bh4 e4 12. Nh2 g5 13. Bg3 f5 14. O-O-O Qf6 15.
f4 exf3 16. Nxf3 Bd7 17. h4 g4 18. Ne1 Rae8 19. Bf4 Ne7 20. Bd3 c5 21. Bg5 Qg6
22. Nc2 Nc6 23. Qf2 h6 24. Bf4 Qf6 25. Rhe1 Nd8 26. Qg3 Nf7 27. Qf2 Bc6 28. Na3
a6 29. Nb1 b5 30. Nc3 b4 31. Ne2 cxd4 32. exd4 Ba4 33. Rd2 Bd7 34. Kb1 a5 35.
Rc1 a4 36. c5 dxc5 37. Rxc5 Rc8 38. Rdc2 Rxc5 39. Rxc5 Rc8 40. Rxc8+ Bxc8 41.
Bc4 Qc6 42. Bxf7+ Kxf7 43. Bd2 Qc4 44. Be3 Qd3+ 45. Ka1 Bxd4 0-1